000 00240nam a22001097a 4500
008 180807b xxu||||| |||| 00| 0 eng d
082 _a813.52
245 _aNDH2007 PLUS!
_cWilliams,L
260 _c2007
300 _a1
_fCD
942 _2ddc
_cMX
999 _c46914
_d46914